UNESCO World Heritage Sites of France by image - Statistics

General Stats
  • This quiz has been taken 35 times
  • The average score is 21 of 54
Answer Stats
Picture Answer % Correct
Paris, Banks of the Seine
88%
Pont du Gard (Roman Aqueduct)
85%
Palace and Park of Versailles
81%
Mont Saint-Michel and its Bay
77%
Historic site of Lyon
69%
Arles, Roman and Romanesque Monuments
65%
The Maison Carrée of Nîmes
65%
Historic Fortified City of Carcassonne
62%
Nice, Winter Resort Town of the Riviera
62%
Place Stanislas, Place de la Carrière, and Place d'Alliance in Nancy
62%
The Loire Valley between Sully-sur-Loire and Chalonnes
62%
Canal du Midi
58%
Roman Theatre and its Surroundings and the "Triumphal Arch" of Orange
58%
Episcopal City of Albi
54%
Prehistoric Sites and Decorated Caves of the Vézère Valley
54%
Cathedral of Notre-Dame, Former Abbey of Saint-Remi, and Palace of Tau, Reims
50%
Le Havre, the City Rebuilt by Auguste Perret
50%
Strasbourg – From the Grande Île to the Neustadt
50%
The Architectural Work of Le Corbusier, an Outstanding Contribution to the Modern Movement
50%
Bordeaux, Port of the Moon
42%
Chartres Cathedral
42%
Funerary and memory sites of the First World War (Western Front)
42%
Historical centre of Avignon: Papal Palace, Episcopal Ensemble and Avignon Bridge
42%
Megaliths of Carnac and of the shores of Morbihan
42%
Amiens Cathedral
38%
Bourges Cathedral
38%
Champagne hillsides, houses and cellars
35%
Cordouan Lighthouse
35%
Jurisdiction of Saint-Émilion
35%
Palace and Park of Fontainebleau
35%
Pyrénées – Mont Perdu
35%
Routes of Santiago de Compostela in France
35%
Vézelay, Church and Hill
35%
Ancient and Primeval Beech Forests of the Carpathians and Other Regions of Europe
31%
Decorated cave of Pont d'Arc, known as Grotte Chauvet-Pont d'Arc, Ardèche
31%
Cistercian Abbey of Fontenay
27%
Lagoons of New Caledonia
27%
Nord-Pas de Calais Mining Basin
23%
Prehistoric Pile dwellings around the Alps
23%
The Climats, terroirs of Burgundy
23%
Abbey Church of Saint-Savin-sur-Gartempe
19%
Belfries of Belgium and France
19%
Chaine des Puys – Limagne fault tectonic arena
19%
Fortifications of Vauban
19%
From the Great Saltworks of Salins-les-Bains to the Royal Saltworks of Arc-et-Senans, the Production of Open-pan Salt
19%
The Pitons, Cirques and Remparts of Réunion Island
19%
Provins, Town of Medieval Fairs
12%
The Great Spa Towns of Europe
12%
French Austral Lands and Seas
8%
Gulf of Porto: Calanche of Piana, Gulf of Girolata, Scandola Reserve
8%
Taputapuātea
8%
Te Henua Enata – The Marquesas Islands
8%
The Causses and the Cévennes, Mediterranean agro-pastoral Cultural Landscape
8%
Volcanoes and Forests of Mount Pelée and the Pitons of Northern Martinique
8%
No matching quizzes found
Score Distribution
Percent of People with Each Score
Percentile by Number Answered
Your Score History
You have not taken this quiz